[Event "Cappelle op 25th"]
[Site "Cappelle la Grande"]
[Date "2009.03.05"]
[Round "7"]
[White "Todorov, Todor"]
[Black "Vernay, Camille"]
[Result "1/2-1/2"]
[WhiteElo "2163"]
[BlackElo "2339"]
[PlyCount "38"]
[EventDate "2009.02.28"]
[EventType "swiss"]
[EventRounds "9"]
[EventCountry "FRA"]
[SourceTitle "CBM 129 Extra"]
[Source "ChessBase"]
[SourceDate "2009.05.05"]
[SourceVersion "2"]
[SourceVersionDate "2009.05.20"]
[SourceQuality "1"]

1. e4 e6 2. d4 d5 3. Nd2 dxe4 4. Nxe4 Nd7 5. Bd3 Ngf6 6. Qe2 Nxe4 7. Bxe4 c5 8. d5 e5 9. c4 Bd6 10. Bc2 0-0 11. Bd2 f5 12. g4 fxg4 13. Qxg4 Qf6 14. Qg2 e4 15. Bc3 Be5 16. Ne2 Bxc3+ 17. Nxc3 Ne5 18. 0-0-0 Bg4 19. Qxe4 Qh6+ 1/2-1/2

[Event "FRA-ch U10"]
[Site "La Roche sur Yon"]
[Date "2008.04.23"]
[Round "1"]
[White "Leriche, Ines"]
[Black "Vernay, Camille"]
[Result "1-0"]
[WhiteElo "1180"]
[BlackElo "1510"]
[PlyCount "81"]
[EventDate "2008.04.23"]
[EventType "swiss"]
[EventRounds "9"]
[EventCountry "FRA"]
[SourceTitle "EXT 2010"]
[Source "ChessBase"]
[SourceDate "2010.11.25"]
[SourceVersion "1"]
[SourceVersionDate "2010.11.25"]
[SourceQuality "1"]

1. e4 e6 2. d4 d5 3. exd5 exd5 4. Bd3 Nf6 5. Nf3 Be7 6. Bf4 Ne4 7. Bxe4 dxe4 8. Ne5 0-0 9. 0-0 Nc6 10. c3 f6 11. Ng4 Qd7 12. h3 Qf5 13. Bh6 Qh5 14. Nxf6+ Rxf6 15. Qxh5 gxh6 16. d5 Na5 17. Qe8+ Bf8 18. Qb5 b6 19. Nd2 c6 20. Qe2 cxd5 21. c4 Ba6 22. b3 Rf5 23. Qg4+ Rg5 24. Qe6+ Kh8 25. cxd5 Bxf1 26. Kxf1 Bg7 27. Nxe4 Bxa1 28. Nxg5 hxg5 29. Qd7 Rf8 30. b4 Nc4 31. Qc6 Ne3+ 32. Ke2 Nf5 33. Qc4 Re8+ 34. Kf3 Nh4+ 35. Kg4 h6 36. g3 Ng2 37. d6 Rd8 38. Qc7 Rf8 39. Kh5 Kg8 40. Kxh6 Bb2 41. Qh7# 1-0